000 00748nam a2200217Ia 4500
003 GCL
008 140319s9999 xx 000 0 ara d
020 _a7249208977
040 _aGCL /
_cGCL
082 0 4 _a320.54
_bح ع
100 1 _aمركز البحوث العربية
245 1 0 _aالعولمة والتحولات المجتمعية فى الوطن العربى /
_cمركز البحوث العربية
700 1 _aحبدر ابراهيم
260 _aالقاهرة :
_bمكتبة مدبولى ،
_c1999
300 _a392 ص ؛
_c24 سم
650 0 4 _aالنظم الاقتصادية
650 0 4 _aالقومية العربية
650 0 4 _aالعولمة
650 0 4 _aمركز البحوث العربية
942 _2ddc
_cBK
999 _c52291
_d52291